OOIS'98 : 1998 International Conference on Object-Oriented Information Systems, 9-11 September 1998, Paris Proceedings /

This book contains the papers presented at the 5th International Conference on Object-Oriented Information Systems - OOIS '98, which is to be held at the University de La Sorbonne, Paris, France, 9-11 September 1998. The papers published in this volume outline recent research in object-oriented...

Full description

Bibliographic Details
Main Author: Rolland, Collete
Corporate Author: SpringerLink (Online service)
Other Authors: Grosz, George
Format: eBook
Language:English
Published: London : Springer London, 1998.
Subjects:
Online Access:Connect to the full text of this electronic book

MARC

Tag First Indicator Second Indicator Subfields
LEADER 00000cam a2200000Ma 4500
001 in00003545321
006 m o d
007 cr nn|||||||||
008 121227s1998 enk o 000 0 eng d
005 20260421170620.8
020 |a 9781447108955 (electronic bk.) 
020 |a 1447108957 (electronic bk.) 
035 |a (OCoLC)840277265 
040 |a I9W  |b eng  |e pn  |c I9W  |d OCLCQ  |d UV0  |d OCLCO  |d GW5XE  |d OCLCF  |d UtOrBLW 
049 |a TXAM 
050 4 |a QA76.9.D3 
082 0 4 |a 005.74  |2 23 
100 1 |a Rolland, Collete. 
245 1 0 |a OOIS'98 :  |b 1998 International Conference on Object-Oriented Information Systems, 9-11 September 1998, Paris Proceedings /  |c edited by Collete Rolland, George Grosz. 
264 1 |a London :  |b Springer London,  |c 1998. 
300 |a 1 online resource (XVI, 497 pages) 
336 |a text  |b txt  |2 rdacontent 
337 |a computer  |b c  |2 rdamedia 
338 |a online resource  |b cr  |2 rdacarrier 
520 |a This book contains the papers presented at the 5th International Conference on Object-Oriented Information Systems - OOIS '98, which is to be held at the University de La Sorbonne, Paris, France, 9-11 September 1998. The papers published in this volume outline recent research in object-oriented concepts and principles, object-oriented methods and tools, as well as reports on industrial projects from both researchers and practitioners in the field. The conference especially highlighted areas of significant interest to industry, which provide innovative directions for the development of next generation systems such as: - coping with legacy systems; transition to object technology; lessons learned from large scale projects using objects; object relational design. 
505 0 |a Invited Talks: Object Databases: Connectivity with Relational Systems and ODMG Standard Standardisation for OO A&D?- Modelling Issues 1: A characterisation of Aggregation. Object-Orientated Hierarchies and their Resulting Complex Systems. Multiple Viewpoints of IS-A Inheritance Hierarchies through Normalisation and Denormalisation Mechanisms -- Queries and Views: Deductive Queries in ODMG Databases: the DOQL Approach. Incremental Maintenance of Materialised Path Query Views. A Multidatabase Layer for the ODMG Object Model Reuse. The Re-Use of Multimedia Objects by Software Agents in the Kimsac System. Design Patterns as Litmus paper to Test the Strength of Object-Orientated Methods. Reuse by Appropriation of Software Elements in Information Systems. Improving Productivity in Building Data-Orientated Information Systems - Why Object Frameworks are not Enough -- Method Issues 1: "The Truth Is Out There?": A Survey of Business Objects. Patterns for Extending an OO Model with Temporal Features. Design Issues 1. Representation of Multi-Level Composite Objects in Relational Databases. Complex Methods of Class Allocation in Distributed OODBSs -- Modelling Issues 2: Specialisation of Object Lifecycles. An Enhanced Definition of Composition and its use for Abstraction. How to Introduce Emergence in Object Evolution. Evolution and Interoperability. Defining Rules for Schema Transformation. Ontology of Object-Orientated Database Evolution. Capacity-Augmenting Schema Changes on Object-Orientated Databases: Towards Increased Interoperability -- Method Issues 2: Model Engineering Using Charts of Concepts: Application to the Model of the UML. A CASE Tool for the Modelling of Methods and Information Systems. A Semi-Automatic Process for Identifying Overlaps and Inconsistencies between Requirement Specifications -- Design Issues 2: Consistency Analysis Lifecycle Model and Interaction Model. Subjective Method Interpretation of Object-Orientated Modelling. Composition of UML Design Models: A Tool to Support the Resolution of Conflicts. Panel: OO Trends and Perspectives. An Object-Orientated Architecture Model for International Information Systems? An Exploratory Study. A Perspective on Foundations of Object-Orientated Information Systems. 
500 |a Electronic resource. 
650 0 |a Computer science. 
650 0 |a Database management. 
650 7 |a Computer science.  |2 fast  |0 (OCoLC)fst00872451 
650 7 |a Database management.  |2 fast  |0 (OCoLC)fst00888037 
655 7 |a Electronic books.  |2 local 
700 1 |a Grosz, George. 
710 2 |a SpringerLink (Online service) 
856 4 0 |u http://proxy.library.tamu.edu/login?url=https://link.springer.com/10.1007/978-1-4471-0895-5  |z Connect to the full text of this electronic book  |t 0 
994 |a 92  |b TXA 
999 |a MARS 
999 f f |s a98b8180-0129-3c78-b1a4-380a0ba0c598  |i 69833833-a1db-3739-98bc-795ae8f6c190  |t 0 
952 f f |a Texas A&M University  |b College Station  |c Electronic Resources  |s www_evans  |d Available Online  |t 0  |e QA76.9.D3  |h Library of Congress classification 
998 f f |a QA76.9.D3  |t 0  |l Available Online